[Event "Challenge"]
[Site "http://www.queenalice.com/game.php?id=286920"]
[Date "2007.10.15"]
[Round "-"]
[White "Lionel"]
[Black "NattyB"]
[Result "1-0"]
[WhiteElo "2031"]
[BlackElo "1230"]

1. d4 d5 2. c4 e6 3. e3 Bb4+ 4. Bd2 Qe7 5. Qb3 Nc6 6. cxd5 Na5 7. Qxb4 b6 8.
Qxe7+ Nxe7 9. Bxa5 bxa5 10. Bb5+ Nc6 11. Bxc6+ Ke7 12. Bxa8 Bd7 13. dxe6 fxe6
14. Be4 Rb8 15. b3 Rxb3 16. axb3 h6 17. Nf3 c6 18. O-O g6 19. Rxa5 a6 20. Rxa6
Bc8 21. Rb6 Bd7 22. Rc1 Bc8 23. Rcxc6 Bd7 24. Rd6 Kf6 25. d5 Kf7 26. dxe6+ Bxe6
27. Rxe6 Kg8 28. Re7 Kh8 29. Rb8# 1-0

[Event "Challenge"]
[Site "http://www.queenalice.com/game.php?id=317120"]
[Date "2007.12.8"]
[Round "-"]
[White "joacijc"]
[Black "Lionel"]
[Result "0-1"]
[WhiteElo "1898"]
[BlackElo "2119"]

1. d4 Nf6 2. e3 g6 3. Nf3 Bg7 4. c4 O-O 5. Nc3 d5 6. cxd5 Nxd5 7. Qb3 Nxc3 8.
bxc3 c5 9. Bc4 Nc6 10. Be2 Qc7 11. O-O Be6 12. Qb5 cxd4 13. cxd4 Rfd8 14. Bd2
Bd5 15. a4 e5 16. Rfc1 exd4 17. exd4 a6 18. Qb2 Bxf3 19. Bxf3 Nxd4 20. Rxc7
Nxf3+ 21. gxf3 Bxb2 22. Rd1 b5 23. Rc2 Be5 24. axb5 axb5 25. Rb1 Ra1 26. Rxa1
Bxa1 27. Kg2 Kg7 28. h4 Bf6 29. Kg3 Rd3 30. Bg5 Bc3 31. Be3 b4 32. h5 Kf6 33.
hxg6 fxg6 34. Bc1 Kf5 35. Bb2 Bxb2 36. Rxb2 b3 37. Re2 Rd5 38. f4 Rb5 39. Rb2
Ke4 40. f3+ Kd3 0-1

[Event "Challenge"]
[Site "http://www.queenalice.com/game.php?id=329805"]
[Date "2008.1.2"]
[Round "-"]
[White "agmac"]
[Black "Lionel"]
[Result "1/2-1/2"]
[WhiteElo "2305"]
[BlackElo "2105"]

1. e4 c5 2. Nf3 d6 3. Bb5+ Bd7 4. Bxd7+ Nxd7 5. O-O Ngf6 6. Qe2 e6 7. b3 Be7 8.
Bb2 O-O 9. c4 a6 10. d4 cxd4 11. Nxd4 Qb6 12. Rd1 Rfe8 13. Nc3 Rad8 14. Rab1 Qc5
15. Bc1 Rc8 16. a4 Ne5 17. f3 Ng6 18. Be3 Qe5 19. Qf2 d5 20. Nde2 dxe4 21. Bd4
Qh5 22. Ng3 Qh6 23. Ncxe4 Nxe4 24. Nxe4 e5 25. Be3 Nf4 26. Bxf4 Qxf4 27. Qb6 f5
28. Nd6 Bxd6 29. Qxd6 Kh8 30. Qd2 Qh4 31. Qd5 e4 32. fxe4 fxe4 33. Qxb7 e3 34.
Re1 Rb8 35. Qc6 a5 36. Kh1 Qg5 37. b4 axb4 38. Rxb4 Qf4 39. Rxb8 Rxb8 40. Qf3
Qxc4 41. Qxe3 1/2-1/2

[Event "AUTO-MASTER-449"]
[Site "http://www.queenalice.com/game.php?id=336044"]
[Date "2008.1.14"]
[Round "1"]
[White "Lionel"]
[Black "chessman"]
[Result "1-0"]
[WhiteElo "2082"]
[BlackElo "2002"]

1. d4 d5 2. c4 e6 3. Nc3 Nf6 4. Nf3 Be7 5. cxd5 exd5 6. Bg5 c6 7. Qc2 O-O 8. e3
Re8 9. Bd3 h6 10. Bf4 Bb4 11. a3 Ba5 12. b4 Bc7 13. Bxc7 Qxc7 14. O-O Nbd7 15.
Rfc1 Nb6 16. Rab1 Be6 17. b5 Bd7 18. bxc6 Bxc6 19. Ne5 Nbd7 20. Nb5 Qa5 21. Nxc6
bxc6 22. Qxc6 g6 23. Qc7 Qd2 24. Rd1 Qa2 25. Qc1 Rab8 26. Rb2 Qxb2 27. Qxb2 a6
28. a4 axb5 29. Bxb5 Rec8 30. Rc1 Kg7 31. Rxc8 Rxc8 32. a5 1-0

[Event "AUTO-MASTER-449"]
[Site "http://www.queenalice.com/game.php?id=336045"]
[Date "2008.1.14"]
[Round "1"]
[White "chessman"]
[Black "Lionel"]
[Result "0-1"]
[WhiteElo "1972"]
[BlackElo "2095"]

1. e4 c5 2. Nf3 Nc6 3. d4 cxd4 4. Nxd4 e6 5. Nc3 d6 6. Be2 Nf6 7. Bg5 Be7 8. h4
Qb6 9. Nb3 O-O 10. Qd2 a5 11. a4 Qb4 12. f3 Bd7 13. O-O Rfd8 14. Nb5 Qxd2 15.
Nxd2 d5 16. exd5 Nxd5 17. Bxe7 Ncxe7 18. Ne4 Rac8 19. c3 Bxb5 20. Bxb5 Nf5 21.
g3 Nfe3 22. Rf2 h6 23. Re1 f5 24. Nd2 f4 25. g4 g6 26. Nb3 b6 27. Nd4 Rd6 28.
Bd3 Kf7 29. Nb5 Rd7 30. Be4 Nf6 31. Nd4 e5 32. Nb5 Nxe4 33. fxe4 Nxg4 34. Rf3
Rd2 35. b3 g5 36. Rh3 Ne3 37. hxg5 hxg5 38. Rh2 Rxh2 39. Nd6+ Ke6 40. Nxc8 Rg2+
41. Kh1 Rb2 42. b4 axb4 0-1

[Event "AUTO-MASTER-449"]
[Site "http://www.queenalice.com/game.php?id=336046"]
[Date "2008.1.14"]
[Round "1"]
[White "Lionel"]
[Black "Indefinable"]
[Result "1-0"]
[WhiteElo "2035"]
[BlackElo "1919"]

1. d4 d5 2. c4 e6 3. Nc3 c6 4. e3 Nf6 5. Nf3 Bd6 6. Bd3 Nbd7 7. Qc2 Nf8 8. O-O
Ng6 9. e4 dxe4 10. Nxe4 Nf4 11. Re1 Nxd3 12. Nxd6+ Qxd6 13. Qxd3 O-O 14. Ne5 c5
15. dxc5 Qxc5 16. b3 b6 17. Qf3 Rb8 18. Qg3 Qa5 19. Bh6 g6 20. Bxf8 1-0

[Event "AUTO-MASTER-449"]
[Site "http://www.queenalice.com/game.php?id=336047"]
[Date "2008.1.14"]
[Round "1"]
[White "Indefinable"]
[Black "Lionel"]
[Result "0-1"]
[WhiteElo "1929"]
[BlackElo "2046"]

1. e4 c5 2. Nf3 Nc6 3. d4 cxd4 4. Nxd4 Nf6 5. Nc3 e5 6. Ndb5 d6 7. f3 a6 8. Na3
Be6 9. Be3 d5 10. exd5 Nxd5 11. Nxd5 Bxa3 12. Nb6 Bxb2 13. Rb1 Bc3+ 14. Kf2 Bxa2
15. Nxa8 Bxb1 16. Qxb1 Qxa8 17. Bc5 b5 18. Bd3 Nd4 19. Qa2 Qc6 20. Qa3 Ne6 21.
Bd6 Bb2 22. Qxb2 Qb6+ 23. Bc5 Qxc5+ 24. Kg3 e4 25. Bxe4 f5 26. Bxf5 Qxf5 27. Qa3
Qg5+ 28. Kf2 Qd2+ 29. Kg3 Nf4 30. Qc5 Qxg2+ 31. Kxf4 Rf8+ 0-1

[Event "AUTO-MASTER-449"]
[Site "http://www.queenalice.com/game.php?id=336048"]
[Date "2008.1.14"]
[Round "1"]
[White "Lionel"]
[Black "technicaldraw"]
[Result "1-0"]
[WhiteElo "2070"]
[BlackElo "1973"]

1. d4 e5 2. e4 Nc6 3. Nf3 exd4 4. Nxd4 Bc5 5. Nxc6 Qf6 6. Qd2 dxc6 7. Nc3 Bd4 8.
Bc4 Be6 9. Bxe6 fxe6 10. Nd1 O-O-O 11. Qg5 Qf7 12. Be3 Nf6 13. f3 h6 14. Qa5 Kb8
15. Bxd4 Rxd4 16. Nf2 Rhd8 17. O-O Qe7 18. Rad1 Rxd1 19. Rxd1 Rxd1+ 20. Nxd1 Qd6
21. Nf2 Qd4 22. Qa3 b6 23. Qf8+ Kb7 24. Qxg7 Qxb2 25. g3 Qc1+ 26. Kg2 Qg5 27.
Qf7 e5 28. h4 Qd2 29. Qxf6 Qxc2 30. Qxh6 Qxa2 31. Qg7 a5 32. h5 a4 33. h6 1-0

[Event "AUTO-MASTER-449"]
[Site "http://www.queenalice.com/game.php?id=336049"]
[Date "2008.1.14"]
[Round "1"]
[White "technicaldraw"]
[Black "Lionel"]
[Result "0-1"]
[WhiteElo "1973"]
[BlackElo "2057"]

1. e4 c5 2. Nf3 Nc6 3. Bb5 e6 4. O-O Nge7 5. c3 a6 6. Ba4 b5 7. Bc2 Bb7 8. Qe2
d5 9. e5 d4 10. Be4 Nd5 11. d3 dxc3 12. Nxc3 Qd7 13. Rd1 b4 14. Nxd5 exd5 15. e6
Qxe6 16. Ng5 Qe7 17. Bf3 h6 18. Qxe7+ Bxe7 19. Nh3 Nd4 20. Bf4 Nxf3+ 21. gxf3 g5
22. Be5 f6 23. Bg3 Kd7 24. Re1 Rae8 25. b3 h5 0-1

[Event "CLM Playchess"]
[Site "http://www.queenalice.com/game.php?id=366553"]
[Date "2008.3.6"]
[Round "-"]
[White "CesarLMarques"]
[Black "Lionel"]
[Result "1-0"]
[WhiteElo "2377"]
[BlackElo "2124"]

1. e4 c5 2. Nf3 Nc6 3. Bb5 d6 4. Bxc6+ bxc6 5. O-O e5 6. c3 f5 7. d3 Nf6 8. Bg5
Rb8 9. Qc2 Be7 10. b4 cxb4 11. Bxf6 Bxf6 12. cxb4 Rxb4 13. Qxc6+ Qd7 14. Qc3 Rb6
15. Nbd2 O-O 16. Rfc1 Qe6 17. Qa3 Qf7 18. Rc2 Ra6 19. Qb4 Be6 20. Rac1 Rd8 21.
exf5 Bxf5 22. Rc7 Qe6 23. Ne4 Rxa2 24. Qb7 h6 25. Re1 Bxe4 26. dxe4 a5 27. h3 a4
28. Rec1 Qb3 29. Qc6 Qb2 30. Rf1 Kh7 31. Ra7 Qb3 32. Rc1 a3 33. Qc7 d5 34. Rc6
Qb1+ 35. Kh2 Qb8 36. Qxb8 Rxb8 37. Rxf6 dxe4 38. Nxe5 Rab2 39. Rff7 Rg8 40. Rxa3
Rb5 41. Re7 Rd5 42. Ra6 Rd2 43. Ng4 h5 44. Rh6# 1-0

[Event "CLM Playchess"]
[Site "http://www.queenalice.com/game.php?id=366554"]
[Date "2008.3.6"]
[Round "-"]
[White "Lionel"]
[Black "CesarLMarques"]
[Result "1-0"]
[WhiteElo "2099"]
[BlackElo "2357"]

1. d4 d5 2. c4 e6 3. Nc3 c5 4. cxd5 exd5 5. Nf3 Nc6 6. g3 Nf6 7. Bg2 Be7 8. O-O
O-O 9. dxc5 Bxc5 10. a3 Bg4 11. h3 Bxf3 12. Bxf3 Bd4 13. Bg5 Bxc3 14. bxc3 Rc8
15. Rb1 b6 16. Qa4 Ne5 17. Bg2 Qd7 18. Qd4 Nc6 19. Qd2 Qe6 20. Bxf6 Qxf6 21.
Qxd5 Rfd8 22. Qb5 Ne5 23. Rfd1 h6 24. Rxd8+ Rxd8 25. a4 Rd2 26. Be4 g6 27. a5
bxa5 28. Qe8+ Kg7 29. Rb8 1-0

[Event "Challenge"]
[Site "http://www.queenalice.com/game.php?id=411635"]
[Date "2008.6.1"]
[Round "-"]
[White "emredostmetu"]
[Black "Lionel"]
[Result "1-0"]
[WhiteElo "2285"]
[BlackElo "2111"]

1. e4 c5 2. Bc4 Nf6 3. e5 d5 4. Bb5+ Bd7 5. Be2 Ng8 6. d4 cxd4 7. Nf3 Nc6 8. c3
dxc3 9. Nxc3 e6 10. O-O Nge7 11. Bg5 Qb8 12. Bf4 f6 13. Bd3 Nxe5 14. Re1 Nxf3+
15. Qxf3 e5 16. Nxd5 Qd6 17. Nxe7 Bxe7 18. Rad1 Qb4 19. Bd2 Qxb2 20. Bc3 Qxa2
21. Bxe5 fxe5 22. Rxe5 Bc6 23. Qg4 Qf7 24. Rde1 a5 25. Bc4 Qf6 26. Re6 h5 27.
Qg3 O-O-O 28. Rxf6 Bxf6 29. Be6+ Rd7 30. Qd6 Rd8 31. Rc1 1-0

[Event "Challenge"]
[Site "http://www.queenalice.com/game.php?id=411637"]
[Date "2008.6.1"]
[Round "-"]
[White "Lionel"]
[Black "emredostmetu"]
[Result "0-1"]
[WhiteElo "2104"]
[BlackElo "2331"]

1. d4 d5 2. c4 e6 3. Nf3 c6 4. Bg5 Be7 5. Bxe7 Nxe7 6. e3 O-O 7. Nbd2 Nd7 8. Bd3
c5 9. cxd5 exd5 10. Qc2 c4 11. Bxh7+ Kh8 12. Bf5 Ne5 13. Nxe5 Bxf5 14. Qc3 f6
15. Nef3 Qd6 16. b3 b5 17. bxc4 bxc4 18. O-O Bd3 19. Rfc1 Rab8 20. Ne1 Bh7 21.
a3 Rfc8 22. Nc2 Nc6 23. Rcb1 Bd3 24. Rxb8 Rxb8 25. Rc1 Qe6 26. Rd1 a5 27. Ne1
Bg6 28. Rc1 a4 29. Nef3 Qd6 30. Re1 Na7 31. Nh4 Bh7 32. Qa5 Nb5 33. Nb1 Qb6 34.
Qb4 Qc7 35. Qxa4 c3 36. Rc1 c2 37. Nd2 Nc3 38. Qa6 Na2 39. Rxc2 Qxc2 0-1

[Event "AUTO-MASTER-449"]
[Site "http://www.queenalice.com/game.php?id=451811"]
[Date "2008.8.22"]
[Round "2"]
[White "Matrick"]
[Black "Lionel"]
[Result "1/2-1/2"]
[WhiteElo "2339"]
[BlackElo "2120"]

1. e4 e5 2. Nf3 Nf6 3. d4 exd4 4. e5 Ne4 5. Qxd4 d5 6. exd6 Nxd6 7. Bd3 Nc6 8.
Qf4 Qe7+ 9. Be3 Be6 10. Nc3 g6 11. Nd4 Bg7 12. Nxc6 bxc6 13. O-O Rb8 14. Rfb1 a5
15. Qa4 O-O 16. Qxc6 Rfd8 17. Qc5 Nf5 18. Qxe7 Nxe7 19. Bg5 Kf8 20. a3 Ke8 21.
Ne4 Rxb2 22. Nf6+ Bxf6 23. Bxf6 Rbb8 24. a4 Rxb1+ 25. Rxb1 Rd5 26. Bb5+ c6 27.
Bd3 Bf5 28. Re1 Be6 29. f4 h5 30. g3 Kd7 31. Kf2 Nc8 32. Ke3 Bf5 33. Bxf5+ Rxf5
34. Rd1+ 1/2-1/2

[Event "AUTO-MASTER-449"]
[Site "http://www.queenalice.com/game.php?id=451812"]
[Date "2008.8.22"]
[Round "2"]
[White "Lionel"]
[Black "Matrick"]
[Result "0-1"]
[WhiteElo "2139"]
[BlackElo "2345"]

1. d4 Nf6 2. Bf4 d5 3. e3 c5 4. dxc5 e6 5. b4 a5 6. c3 axb4 7. cxb4 b6 8. Bxb8
Rxb8 9. Bb5+ Ke7 10. cxb6 Qxb6 11. Nc3 Bd7 12. a4 Rc8 13. Nge2 Bxb5 14. Nxb5 Kd7
15. Rb1 Rc4 16. O-O Rxb4 17. Ned4 Rxb1 18. Qxb1 Bc5 19. Rc1 Ne4 20. Qd3 Ra8 21.
Ra1 h6 22. Nb3 Be7 23. a5 Qa6 24. f3 Nc5 25. Nxc5+ Bxc5 26. Rb1 Rb8 27. Kh1 Qxa5
28. e4 Kc6 29. exd5+ exd5 30. Rd1 Qxb5 31. Qxd5+ Kb6 32. Qxf7 Qa4 33. Rc1 Qd4
34. Rb1+ Kc6 35. Rc1 Rd8 36. h3 Qe5 37. f4 Qe3 38. Qc4 Rd2 39. Qg8 Qd4 40. Qc8+
Kb5 41. Qb7+ Ka5 42. Qa8+ Ba7 43. Qf3 Qd3 44. Qh5+ Kb4 45. Ra1 Bc5 46. Rc1 Bd4
47. Qg4 Rf2 48. Kh2 Qe4 49. f5 Rxg2+ 50. Qxg2 Qf4+ 51. Qg3 Qxc1 52. Qb8+ Kc4 53.
Qc7+ Bc5 0-1

[Event "AUTO-MASTER-449"]
[Site "http://www.queenalice.com/game.php?id=451815"]
[Date "2008.8.22"]
[Round "2"]
[White "Lionel"]
[Black "andrevillares"]
[Result "1-0"]
[WhiteElo "2133"]
[BlackElo "2085"]

1. d4 Nf6 2. c4 e6 3. Nc3 d5 4. Bg5 Be7 5. e3 O-O 6. Nf3 h6 7. Bh4 Nbd7 8. cxd5
exd5 9. Bd3 c6 10. Qc2 Re8 11. O-O Nf8 12. Rae1 Be6 13. Ne5 N6d7 14. Bxe7 Qxe7
15. f4 Nxe5 16. fxe5 Bg4 17. e4 dxe4 18. Nxe4 Bh5 19. Bc4 Bg6 20. Qf2 Ne6 21.
Nd6 Rf8 22. Qg3 Nxd4 23. Qxg6 Ne6 24. Rxf7 Rxf7 25. Bxe6 Kf8 26. Rf1 Rxf1+ 27.
Kxf1 1-0

[Event "AUTO-MASTER-449"]
[Site "http://www.queenalice.com/game.php?id=451816"]
[Date "2008.8.22"]
[Round "2"]
[White "andrevillares"]
[Black "Lionel"]
[Result "0-1"]
[WhiteElo "2118"]
[BlackElo "2127"]

1. d4 Nf6 2. c4 e6 3. Nf3 b6 4. g3 Bb7 5. Bg2 Be7 6. O-O O-O 7. Nc3 a6 8. d5 Bb4
9. Ne1 Bxc3 10. bxc3 d6 11. e4 Re8 12. Nd3 exd5 13. exd5 Nbd7 14. Bg5 h6 15.
Bxf6 Qxf6 16. Qd2 Qf5 17. Rae1 b5 18. cxb5 axb5 19. Nf4 Ne5 20. Be4 Qxe4 21.
Rxe4 Nf3+ 22. Kg2 Nxd2 23. Rxe8+ Rxe8 0-1

[Event "Challenge"]
[Site "http://www.queenalice.com/game.php?id=476623"]
[Date "2008.10.13"]
[Round "-"]
[White "Lionel"]
[Black "ENDHER"]
[Result "1-0"]
[WhiteElo "2144"]
[BlackElo "2083"]

1. d4 Nf6 2. Bf4 c5 3. dxc5 Na6 4. Nc3 Nxc5 5. e3 d6 6. Bb5+ Bd7 7. Bxd7+ Qxd7
8. Nge2 e5 9. Bg3 O-O-O 10. Nd5 Be7 11. Nec3 Nce4 12. Nxe7+ 1-0

[Event "Challenge"]
[Site "http://www.queenalice.com/game.php?id=514531"]
[Date "2008.12.30"]
[Round "-"]
[White "Lionel"]
[Black "zegan13"]
[Result "1-0"]
[WhiteElo "2147"]
[BlackElo "2220"]

1. d4 d5 2. Nf3 e6 3. Bg5 Nf6 4. e3 c5 5. c4 cxd4 6. Nxd4 Bb4+ 7. Nd2 Nc6 8. a3
Be7 9. cxd5 Qxd5 10. Nb5 Qxg5 11. Nf3 Qc5 12. Nc7+ Kf8 13. Nxa8 Bd7 14. b4 Qc3+
15. Nd2 Qe5 16. Rc1 Qb8 17. b5 Bxa3 18. bxc6 Bxc6 19. Rc3 Bd6 20. Rd3 Be7 21.
Nb6 axb6 22. Qb1 b5 23. Qd1 g6 24. Qa1 Kg7 25. e4 e5 26. f3 Nd7 27. Rb3 Nc5 28.
Rb1 Rd8 29. Qc3 1-0

[Event "Challenge"]
[Site "http://www.queenalice.com/game.php?id=514533"]
[Date "2008.12.30"]
[Round "-"]
[White "Lionel"]
[Black "laurentb121"]
[Result "0-1"]
[WhiteElo "2161"]
[BlackElo "2265"]

1. d4 Nf6 2. Nf3 e6 3. Bg5 h6 4. Bxf6 Qxf6 5. e4 d6 6. Nc3 g6 7. Qd2 Bg7 8.
O-O-O a6 9. h4 Nd7 10. Be2 b5 11. a3 Bb7 12. h5 g5 13. Rhg1 O-O 14. Rge1 Rfd8
15. d5 exd5 16. exd5 Re8 17. Qd4 Qf5 18. Bd3 Qxf3 19. Qxg7+ Kxg7 20. gxf3 Nf6
21. f4 Nxh5 22. fxg5 hxg5 23. Rg1 f6 24. Rh1 Rh8 25. Rde1 Kf7 26. Kd2 Nf4 27.
Be4 Kg7 28. b3 Rxh1 29. Rxh1 Rh8 30. Ne2 Rxh1 31. Bxh1 Nxe2 32. Kxe2 f5 33. Kd3
Kf6 34. Kd4 g4 35. f4 gxf3 36. Bxf3 Kg5 0-1

[Event "Challenge"]
[Site "http://www.queenalice.com/game.php?id=514534"]
[Date "2008.12.30"]
[Round "-"]
[White "agmac"]
[Black "Lionel"]
[Result "1-0"]
[WhiteElo "2316"]
[BlackElo "2154"]

1. e4 e5 2. Nf3 Nf6 3. Nxe5 Qe7 4. d4 Nc6 5. Nc3 Nxe5 6. dxe5 Qxe5 7. Bd3 Bb4 8.
Bd2 d5 9. O-O Ng4 10. g3 d4 11. Nd5 Bxd2 12. Qxd2 c6 13. f3 cxd5 14. Bb5+ Kf8
15. fxg4 Be6 16. Qb4+ Kg8 17. Qe7 f6 18. Rae1 Bf7 19. Qxe5 fxe5 20. exd5 a6 21.
Bc4 Re8 22. Rf5 g6 23. Rfxe5 Kg7 24. g5 Rxe5 25. Rxe5 Rd8 26. b4 Kf8 27. Re4 d3
28. cxd3 Rd7 29. Re5 b5 30. Bb3 Kg7 31. Kf2 h5 32. Ke3 Bg8 33. Kd4 Bf7 34. Kc5
Kf8 35. d6 Be8 36. Bd5 Rd8 37. Bc6 1-0

[Event "Challenge"]
[Site "http://www.queenalice.com/game.php?id=579219"]
[Date "2009.4.28"]
[Round "-"]
[White "Lionel"]
[Black "limonois"]
[Result "0-1"]
[WhiteElo "2152"]
[BlackElo "2357"]

1. d4 Nf6 2. Nf3 d5 3. e3 e6 4. c4 c6 5. Nbd2 c5 6. cxd5 Nxd5 7. e4 Nb6 8. Nb3
cxd4 9. Nbxd4 Bb4+ 10. Bd2 Bxd2+ 11. Qxd2 O-O 12. Rd1 Qe7 13. e5 Bd7 14. Bd3 Bc6
15. O-O Bxf3 16. Nxf3 Nc6 17. Qe2 Nb4 18. Bb1 Rac8 19. Qe4 g6 20. Rc1 Rc6 21.
Rfe1 Rfc8 22. Rxc6 Nxc6 23. a3 Qc5 24. Qf4 Qa5 0-1